Countries Anderson.Paak has Visited - Statistics

General Stats
  • This quiz has been taken 27 times
    18 since last reset
  • The average score is 26 of 33
Answer Stats
Continent Country % Correct
South America Argentina
100%
Oceania Australia
100%
South America Brazil
100%
North America Canada
100%
Europe France
100%
Europe Ireland
100%
Europe Italy
100%
Europe Belgium
88%
South America Chile
88%
Europe Denmark
88%
Europe Germany
88%
Europe Hungary
88%
North America Mexico
88%
Oceania New Zealand
88%
Europe Norway
88%
Europe Spain
88%
Europe United Kingdom
88%
North America United States of America
88%
Europe Czech Republic
75%
Europe Finland
75%
Europe Iceland
75%
Asia/ Europe Russia
75%
Europe Sweden
75%
Europe Croatia
63%
Asia India
63%
Europe Netherlands
63%
Europe Portugal
63%
Europe Slovenia
63%
Europe Poland
50%
Africa South Africa
50%
Asia Malaysia
38%
Asia Philippines
38%
Asia Thailand
25%
No matching quizzes found
Score Distribution
Percent of People with Each Score
Percentile by Number Answered
Your Score History
You have not taken this quiz since the last reset